| 000 | 00526nam a2200145 a 4500 | ||
|---|---|---|---|
| 008 | 080109s1971 ||||||||||||||||| || u | ||
| 050 | _aTK 152 Red | ||
| 100 | _aRedding, Robert James | ||
| 245 | 1 | 0 | _aIntrinsic Safety |
| 246 | _athe safe use of electronics in hazardous locations | ||
| 260 |
_aLondon _bMcGraw-Hill _c1971 |
||
| 300 | _aix, 160p. : ill. | ||
| 350 | _a0.00 | ||
| 995 |
_D0.00 _FCBU-MAIN LIBRARY (Kitwe) _H1 _I2.50 _UAVAILABLE _ZAnnex Low-Usage Collection |
||
| 999 |
_c47560 _d47560 |
||